Futebol - Statistics

Estatísticas Gerais
  • Esse quiz foi jogado 946 vezes
  • A pontuação média é 14 de 15
Estatísticas das Respostas
Hint Resposta % Correto
Quem é o jogador português mais conhecido? Cristiano Ronaldo
100%
Quantos títulos de Champions League Lionel Messi já conquistou na carreira? 4
99%
A Copa do Mundo acontece de quantos em quantos anos? 4
99%
Quantas vezes Cristiano Ronaldo já foi eleito Melhor Jogador do Mundo pela premiação da France Football? 5
99%
Quem e considerado o rei do futebol? Pelé
99%
Qual é o máximo de jogadores em campo para cada equipa? 11
98%
Qual é o país que ganhou mais copas do mundo? Brasil
98%
Qual equipa ganhou mais Champions League na história? Real Madrid
97%
Quem é o jogador com mais bolas de Ouro? Messi
96%
Qual é o mínimo de jogadores em campo numa partida de futebol? 7
94%
Onde foi a primeira Copa do Mundo? Uruguai
93%
Qual a maior competição de futebol que existe atualmente? Copa do Mundo
89%
Qual país criou o futebol? Reino Unido
74%
Quem venceu a Champions League de 2020? Bayern de Munique
71%
Qual país que nunca foi derrotado pelo Brasil? Noruega
53%
Nenhum quiz correspondente encontrado
Distribuição das Pontuações
Porcentagem de Pessoas com Cada Pontuação
Percentil de Números Respondidos
Sua Pontuação Histórica
Você não jogou esse quiz